01534nam a2200265 a 450000100100000000500170001000800410002704000250006808200170009310000310011024500780014126000360021930000210025550000620027650000420033850400550038060000870043504900090052295201400053195201300067195201300080195201890093195201310112099900170125100001786820200929165247.0100407s1991 dr 000 0 spa d aDO-SdBNPbspacBNPHU a923.4bV335p1 aVásquez, Pedro R.92488010aPelegrín Castillo Agramonte :bsu vida y su obra /cPedro R. Vásquez. aSanto Domingo :bTaller,c1991. a190 p. ;c24 cm. aIncluye datos biográficos del autor en la contraportada aIncluye notas al pie de las páginas aIncluye referencias bibliográficas ( p. 187-188)14aCASTILLO AGRAMONTE, PELEGRÍN,d1874-1931xCORRESPONDENCIA, MEMORIAS, ETC.938785 aBNPD 001054708DSaGRbGRcCTd2010-04-07iLF1l0o923.4 V335pp17868-30r2020-06-25te. 3w2020-06-25yLFDSzDedicadoZPréstamo en sala 001054708DSaGRbGRcCTd2010-04-07iLF1l0o923.4 V335pp17868-40r2020-06-25te. 4w2020-06-25yLFDSZPréstamo en sala 001054708DSaGRbGRcCTd2010-04-07iLF1l0o923.4 V335pp17868-50r2020-06-25te. 5w2020-06-25yLFDSZPréstamo en sala 0010718PDaPDbPDcHDd2010-04-07iLF1l0o923.4 V335pp17868-10r2020-06-25w2020-06-25yLFPDzPerteneció a la biblioteca personal de Germán Emilio Ornes. DedicadoZNo se presta 0010718PDaPDbPDcCTd2010-04-07iLF1l0o923.4 V335pp17868-20r2020-06-25te. 2w2020-06-25yLFPDzDedicadoZNo se presta c17392d17392